Hlavné úlohy vrcholového manažmentu pri tvorbe znalostnej stratégie podniku bakalárska práca

Na minha lista:
Detalhes bibliográficos
Autor principal: Kováriková, Romana
Autor Corporativo: Podnikovohospodárska fakulta EU so sídlom v Košiciach. Katedra manažmentu
Outros Autores: Dugas, Jaroslav, 1967-
Formato: Livro
Idioma:eslovaco
Publicado em: Košice 2011
Tags: Adicionar Tag
Sem tags, seja o primeiro a adicionar uma tag!

MARC

LEADER 00000nbm a2200000 4500
001 0139342
005 20161109111617.3
041 0 |a slo 
044 |a SK 
245 1 0 |a Hlavné úlohy vrcholového manažmentu pri tvorbe znalostnej stratégie podniku  |b bakalárska práca  |c Romana Kováriková ; školiteľ: Jaroslav Dugas 
264 1 |a Košice  |c 2011 
300 |a 57 s. 
100 1 |a Kováriková, Romana 
700 1 |a Dugas, Jaroslav, 1967- 
710 2 |a Podnikovohospodárska fakulta EU so sídlom v Košiciach. Katedra manažmentu